000 01310nam a2200349Ia 4500
001 Z_6975
003 CHAP
005 20221114144954.0
008 220113s2017 xx 000 0 und d
010 _a170233
040 _cCHAP
090 _aTesis A43 2568
100 _aAlbarez Roblez, Dani Daniel
_9133511
245 _aImpacto sanitario y económico de la campaña contra brucelosis bovina del programa de prevención y manejo de riesgos (PPMR) en el Estado de Puebla /
_cDani Daniel Albarez Roblez
260 _aMéxico :
_bEl autor,
_c2017
300 _a96 p
502 _aTesis(Ingeniero Agrónomo Especialista en Zootecnia ) -- UACh, 2017 \ Dirección: José Solís Ramírez; asesoría: Belén Hernández Hernández y Quito López Tirado
650 _aCostos e ingresos
_9146454
650 _aEvaluación de resultados
_9146455
650 _aGanado bovino
_9138033
650 _aIncidencia
_9146456
650 _aPrevalecencia
_9146457
700 _a Hernández Hernández, Belén, asesor
_9146458
700 _a López Tirado, Quito, asesor
_9142084
700 _aSolís Ramírez, José, director
_9143267
856 4 2 _uhttp://10.13.5.2/tesis/sist113824.pdf
_yDescargar PDF
901 _aTESIS A43 2568
902 _aM
910 _a2017
942 _c2
_2ddc
942 _c2
_2ddc
999 _c170233
_d170233